ბათუმის შოთა რუსთაველის სახელმწიფო უნივერსიტეტის ბიბლიოთეკა

ლექსები და თარგმანები (ბიბ.ჩანაწერი № 48969)

000 -LEADER
fixed length control field 00667nam a2200205Ia 4500
001 - CONTROL NUMBER
control field 15872
003 - CONTROL NUMBER IDENTIFIER
control field GE_BSU
008 - FIXED-LENGTH DATA ELEMENTS--GENERAL INFORMATION
fixed length control field 181216s||||||||xx |||||||||||||| ||und||
040 ## - CATALOGING SOURCE
Transcribing agency GE_BSU
080 ## - UNIVERSAL DECIMAL CLASSIFICATION NUMBER
Universal Decimal Classification number 821.353.1-1
100 ## - MAIN ENTRY--PERSONAL NAME
Personal name ჭავჭავაძე, ალექსანდრე (1786-1846)
245 ## - TITLE STATEMENT
Title ლექსები და თარგმანები
245 ## - TITLE STATEMENT
Statement of responsibility, etc. რედ.ი.გრიშაშვილი
260 ## - PUBLICATION, DISTRIBUTION, ETC.
Place of publication, distribution, etc. თბილისი
260 ## - PUBLICATION, DISTRIBUTION, ETC.
Name of publisher, distributor, etc. საბჭ. მწერალი
260 ## - PUBLICATION, DISTRIBUTION, ETC.
Date of publication, distribution, etc. 1949
300 ## - PHYSICAL DESCRIPTION
Extent 265 გვ. ; 15 სმ
653 ## - INDEX TERM--UNCONTROLLED
Uncontrolled term ლექსები და თარგმანები
942 ## - ADDED ENTRY ELEMENTS (KOHA)
Koha item type წიგნი
ეგზემპლარები
Withdrawn status Lost status Damaged status Not for loan Date acquired Barcode Date last seen Price effective from Koha item type
        2018-12-17 39098 2018-12-17 2018-12-17 წიგნი
        2018-12-17 39099 2018-12-17 2018-12-17 წიგნი
        2018-12-17 39100 2018-12-17 2018-12-17 წიგნი
        2018-12-17 39101 2018-12-17 2018-12-17 წიგნი
        2018-12-17 39102 2018-12-17 2018-12-17 წიგნი
        2018-12-17 39103 2018-12-17 2018-12-17 წიგნი